[Event "Tournoi Skype 020B"]
[Site "Skype"]
[Date "????.??.??"]
[Round "7.31"]
[White "Bouffard, Georges"]
[Black "Marty, Yvette"]
[Result "1-0"]
[WhiteElo "1432"]
[BlackElo "1000"]
[PlyCount "45"]

1. d4 c6 2. e3 d5 3. Bd3 Nf6 4. f3 e6 5. Ne2 Nbd7 6. c3 g6 7. O-O Bg7 8. e4
dxe4 9. fxe4 O-O 10. e5 Nd5 11. Ng3 b5 12. Rf3 f5 13. h4 Qxh4 14. Qe1 Rb8 15.
Nd2 b4 16. c4 N5b6 17. c5 Na4 18. Rf4 Qe7 19. Nb3 Nxe5 20. dxe5 Bxe5 21. Qxe5
Qf7 22. Qxb8 Nxc5 23. Nxc5 1-0

[Event "Tournoi Skype 020B"]
[Site "Skype"]
[Date "????.??.??"]
[Round "7.32"]
[White "Schnell, Nicolas"]
[Black "Martin, Elise"]
[Result "0-1"]
[WhiteElo "1000"]
[BlackElo "1038"]
[PlyCount "51"]

1. e4 e5 2. Nf3 d6 3. Nc3 Nc6 4. Bc4 Nf6 5. h3 Be7 6. Ng5 Nh5 7. Qxh5 Bxg5 8.
d3 Bf6 9. f4 Nd4 10. O-O O-O 11. Nd5 Nxc2 12. Rb1 c6 13. Nxf6+ Qxf6 14. f5 Qd8
15. Qg4 Qb6+ 16. d4 Qxd4+ 17. Kh2 Ne3 18. Bxf7+ Rxf7 19. Bxe3 Qxe3 20. Rf3 Qe2
21. Rg1 Bd7 22. Qg5 c5 23. Rg3 g6 24. Qh6 Bb5 25. fxg6 Bc4 26. gxh7+ 0-1